[Event "40th World U20 ch"]
[Site "Peristeri GRE"]
[Date "2001.08.27"]
[Round "11.27"]
[White "Cernousek, Lukas"]
[Black "Mihailidis, Anastasios"]
[Result "1/2-1/2"]
[WhiteElo "2262"]
[BlackElo "2146"]
[EventDate "2001.08.16"]
[PlyCount "82"]

1.e4 e5 2.Nf3 Nc6 3.c3 d5 4.Bb5 dxe4 5.Nxe5 Qd5 6.Qa4 Ne7 7.f4 exf3 8.Nxf3
a6 9.Be2 b5 10.Qd1 Ng6 11.d4 Bd6 12.O-O O-O 13.a4 Bb7 14.Na3 Na7 15.Qd3 
Qh5 16.h3 Rfe8 17.axb5 axb5 18.Nc2 Bf4 19.Ne3 Be4 20.Qd1 Nh4 21.Ng4 Bxc1 
22.Qxc1 Nxf3+ 23.Bxf3 Bxf3 24.Rxf3 Nc6 25.Re3 f5 26.Rxa8 Rxa8 27.Ne5 Qh6 
28.Nxc6 Qxc6 29.Re5 g6 30.Qf1 b4 31.cxb4 Qd6 32.Qc4+ Kg7 33.Qc5 Rd8 34.
Re7+ Kh6 35.Qc1+ g5 36.Qxc7 Qxc7 37.Rxc7 Rxd4 38.Rb7 Rd2 39.b3 Rb2 40.b5 
Rxb3 41.b6 Rb2 1/2-1/2

[Event "40th World U20 ch"]
[Site "Peristeri GRE"]
[Date "2001.08.27"]
[Round "11.28"]
[White "Sedlak, Nikola"]
[Black "Parkin, James"]
[Result "1-0"]
[WhiteElo "2457"]
[BlackElo "2122"]
[EventDate "2001.08.16"]
[PlyCount "77"]

1.e4 e5 2.Nf3 Nc6 3.Bb5 a6 4.Ba4 Nf6 5.Qe2 b5 6.Bb3 Bc5 7.c3 d6 8.d3 h6 9.
Be3 Qe7 10.O-O O-O 11.Nbd2 Re8 12.a4 Bd7 13.h3 Bxe3 14.fxe3 Na5 15.Bc2 c5 
16.Nh4 d5 17.exd5 Nxd5 18.Nf5 Bxf5 19.Rxf5 Nb7 20.d4 cxd4 21.cxd4 Qc7 22.
Bb3 Rad8 23.Raf1 Re7 24.axb5 axb5 25.Nf3 Nd6 26.Rxe5 Nc4 27.Rxe7 Qxe7 28.
Bxc4 Qxe3+ 29.Qxe3 Nxe3 30.Bxb5 Nxf1 31.Kxf1 Rb8 32.Bc4 Rxb2 33.Ne5 Kf8 
34.Bxf7 Ke7 35.Bg6 Kf6 36.Be4 Ke6 37.Nd3 Rd2 38.Ke1 Ra2 39.Bd5+ 1-0

[Event "40th World U20 ch"]
[Site "Peristeri GRE"]
[Date "2001.08.28"]
[Round "12.2"]
[White "Acs, Peter"]
[Black "Sargissian, Gabriel"]
[Result "1-0"]
[WhiteElo "2514"]
[BlackElo "2514"]
[EventDate "2001.08.16"]
[PlyCount "75"]

1.e4 c6 2.d4 d5 3.e5 Bf5 4.Nc3 Qb6 5.Bd3 Bxd3 6.Qxd3 e6 7.Nge2 Nd7 8.O-O 
Ne7 9.b4 h5 10.Rb1 Nf5 11.Bg5 Be7 12.Bxe7 Kxe7 13.b5 Rhc8 14.Nd1 cxb5 15.
Ne3 g6 16.Nxf5+ gxf5 17.Rxb5 Qa6 18.Rfb1 Qxa2 19.R5b2 Qc4 20.Qe3 b6 21.
Qg5+ Ke8 22.Qxh5 Qa4 23.c3 Qa3 24.h4 Qe7 25.Qh8+ Nf8 26.Qh6 Kd7 27.g3 Kc7 
28.Nf4 Ng6 29.Nxg6 fxg6 30.Qxg6 Rg8 31.Qf6 Qd7 32.Qh6 Kb7 33.Qe3 Rg4 34.f4
Rag8 35.Rg2 Qg7 36.Kf2 Rc8 37.Qd3 Qc7 38.Rb3 1-0

[Event "40th World U20 ch"]
[Site "Peristeri GRE"]
[Date "2001.08.28"]
[Round "12.4"]
[White "Izoria, Zviad"]
[Black "Azarov, Sergei"]
[Result "1/2-1/2"]
[WhiteElo "2487"]
[BlackElo "2461"]
[EventDate "2001.08.16"]
[PlyCount "80"]

1.c4 f5 2.g3 Nf6 3.Bg2 e5 4.d4 e4 5.Bg5 Bb4+ 6.Nd2 h6 7.Bxf6 Qxf6 8.e3 c5 
9.Ne2 cxd4 10.Nxd4 Nc6 11.a3 Bd6 12.N2b3 O-O 13.O-O Be5 14.f3 exf3 15.Qxf3
d6 16.Rad1 Bd7 17.c5 Rad8 18.cxd6 Bxd6 19.Nc5 Bxc5 20.Qd5+ Kh8 21.Qxc5 b6 
22.Qc2 Ne5 23.e4 Rc8 24.Qe2 Rfe8 25.exf5 Ba4 26.b3 Nc4 27.Qf3 Ne3 28.bxa4 
Nxd1 29.Rxd1 Red8 30.Nc6 Rxd1+ 31.Qxd1 Qxf5 32.Qf3 Qc5+ 33.Qf2 Rxc6 34.
Bxc6 Qxc6 35.Qf8+ Kh7 36.Qb4 h5 37.Qb1+ g6 38.Qb4 Qc7 39.Kg2 a5 40.Qb3 Qc5
1/2-1/2

[Event "40th World U20 ch"]
[Site "Peristeri GRE"]
[Date "2001.08.28"]
[Round "12.6"]
[White "Shaposhnikov, Evgeny"]
[Black "Navara, David"]
[Result "1/2-1/2"]
[WhiteElo "2519"]
[BlackElo "2491"]
[EventDate "2001.08.16"]
[PlyCount "53"]

1.e4 c5 2.Nf3 e6 3.c4 Nc6 4.Nc3 e5 5.d3 d6 6.Be2 g6 7.a3 Bg7 8.b4 cxb4 9.
axb4 Nxb4 10.Ba3 Nc6 11.O-O a6 12.Qa4 Rb8 13.Rfb1 Ne7 14.Ra2 O-O 15.Rab2 
Nd4 16.Qb4 Nec6 17.Qxd6 Nxe2+ 18.Rxe2 Bg4 19.Qxd8 Rfxd8 20.Nd5 b5 21.Reb2 
Bxf3 22.gxf3 Bf8 23.Bxf8 Kxf8 24.cxb5 Rxb5 25.Rxb5 axb5 26.Rxb5 Nd4 27.Rb1
1/2-1/2

[Event "40th World U20 ch"]
[Site "Peristeri GRE"]
[Date "2001.08.28"]
[Round "12.8"]
[White "Horvath, Adam"]
[Black "Palliser, Richard"]
[Result "1-0"]
[WhiteElo "2504"]
[BlackElo "2337"]
[EventDate "2001.08.16"]
[PlyCount "87"]

1.e4 c5 2.Nf3 d6 3.d4 cxd4 4.Nxd4 Nf6 5.Nc3 a6 6.Be3 e5 7.Nb3 Be6 8.f3 
Nbd7 9.g4 b5 10.g5 b4 11.Nd5 Nxd5 12.exd5 Bf5 13.Bd3 Bxd3 14.Qxd3 Be7 15.
h4 O-O 16.O-O-O f5 17.gxf6 Nxf6 18.h5 a5 19.Nd2 a4 20.h6 g6 21.Nc4 Qb8 22.
Kb1 Qb5 23.Rhg1 Kh8 24.b3 Qa6 25.Rd2 Nd7 26.Rf1 Bf6 27.f4 exf4 28.Rxf4 Bc3
29.Rxf8+ Rxf8 30.Rf2 Rxf2 31.Bxf2 Kg8 32.Qh3 axb3 33.Qe6+ Kf8 34.cxb3 Nf6 
35.Bh4 Qa7 36.Qxd6+ Qe7 37.Qb8+ Qe8 38.Qd6+ Qe7 39.Bxf6 Qxd6 40.Bg7+ Ke7 
41.Nxd6 Kxd6 42.Bxc3 bxc3 43.Kc2 Kxd5 44.Kxc3 1-0

[Event "40th World U20 ch"]
[Site "Peristeri GRE"]
[Date "2001.08.28"]
[Round "12.9"]
[White "Roiz, Michael"]
[Black "Stryjecki, Marek"]
[Result "1-0"]
[WhiteElo "2511"]
[BlackElo "2441"]
[EventDate "2001.08.16"]
[PlyCount "71"]

1.Nf3 Nf6 2.d4 g6 3.c4 Bg7 4.g3 O-O 5.Bg2 d6 6.O-O Nc6 7.Nc3 a6 8.h3 Bd7 
9.e4 e5 10.dxe5 dxe5 11.Be3 Be6 12.b3 Qc8 13.Kh2 Rd8 14.Qc1 Nd4 15.Nxe5 
Nd7 16.Bxd4 Nxe5 17.Bxe5 Bxe5 18.f4 Bd4 19.Qc2 f6 20.Rad1 c6 21.Na4 Qc7 
22.c5 g5 23.Rd3 gxf4 24.gxf4 b5 25.Nb6 Rab8 26.b4 Rxb6 27.cxb6 Qxb6 28.
Rfd1 Bc4 29.Rg3+ Kh8 30.Kh1 c5 31.a3 a5 32.bxa5 Qxa5 33.e5 fxe5 34.Qf5 
exf4 35.Be4 Bg8 36.Rxd4 1-0

[Event "40th World U20 ch"]
[Site "Peristeri GRE"]
[Date "2001.08.28"]
[Round "12.10"]
[White "Postny, Evgeny"]
[Black "Mastrovasilis, Dimitrios"]
[Result "1/2-1/2"]
[WhiteElo "2486"]
[BlackElo "2436"]
[EventDate "2001.08.16"]
[PlyCount "86"]

1.d4 d5 2.Nf3 c6 3.c4 Nf6 4.Nc3 e6 5.Bg5 dxc4 6.a4 Bb4 7.e4 b5 8.e5 h6 9.
exf6 hxg5 10.fxg7 Rg8 11.h4 g4 12.Ne5 Rxg7 13.Nxg4 c5 14.dxc5 Qxd1+ 15.
Rxd1 Rxg4 16.Be2 e5 17.h5 Na6 18.Bxg4 Bxg4 19.Rd5 Nxc5 20.Rxe5+ Be6 21.O-O
Bxc3 22.bxc3 Nxa4 23.f4 O-O-O 24.Rxb5 Nxc3 25.Rc5+ Kb7 26.h6 Bd5 27.Ra5 
Kb6 28.Ra3 Ne2+ 29.Kf2 Nxf4 30.Rb1+ Kc5 31.Rxa7 Kd4 32.Kg3 Nd3 33.h7 Rh8 
34.Rh1 c3 35.Rc7 f5 36.Kh4 c2 37.Kg5 c1=Q+ 38.Rcxc1 Nxc1 39.Rxc1 Rxh7 40.
Kxf5 Bxg2 41.Rd1+ Kc5 42.Ke5 Rh5+ 43.Kf4 Bd5 {...} 1/2-1/2

[Event "40th World U20 ch"]
[Site "Peristeri GRE"]
[Date "2001.08.28"]
[Round "12.11"]
[White "Bar, Roman"]
[Black "Markos, Jan"]
[Result "1/2-1/2"]
[WhiteElo "2412"]
[BlackElo "2479"]
[EventDate "2001.08.16"]
[PlyCount "110"]

1.e4 e6 2.d4 d5 3.Nc3 Nf6 4.e5 Nfd7 5.f4 c5 6.Nf3 Nc6 7.Be3 a6 8.Qd2 b5 9.
dxc5 Bxc5 10.Bxc5 Nxc5 11.Qf2 Qb6 12.Bd3 b4 13.Ne2 a5 14.O-O Ba6 15.Nd2 
Rb8 16.Bxa6 Nxa6 17.Nb3 Qxf2+ 18.Kxf2 a4 19.Nbd4 Nxd4 20.Nxd4 g6 21.Ke3 
Nc5 22.a3 Kd7 23.b3 Rhc8 24.axb4 Rxb4 25.c3 Rb7 26.bxa4 Nb3 27.Ra3 Rxc3+ 
28.Kf2 Rb4 29.Nxb3 Rcxb3 30.Rxb3 Rxb3 31.Ra1 h5 32.a5 Kc7 33.Rc1+ Kb7 34.
Rc5 Ka6 35.Rc6+ Kxa5 36.Rc7 Kb4 37.Rxf7 Kc3 38.Rc7+ Kd4 39.Rc6 g5 40.Rxe6 
gxf4 41.Rh6 Kxe5 42.Rxh5+ Ke4 43.Rh8 Rb2+ 44.Kf1 d4 45.Re8+ Kd3 46.h4 Rb1+
47.Kf2 Rh1 48.g3 Rh3 49.gxf4 Rxh4 50.Kg3 Rh1 51.f5 Rf1 52.Kg4 Kc2 53.Rc8+ 
Kd2 54.Kg5 d3 55.f6 Ke2 1/2-1/2

[Event "40th World U20 ch"]
[Site "Peristeri GRE"]
[Date "2001.08.28"]
[Round "12.12"]
[White "Pert, Nicholas"]
[Black "Neiksans, Arturs"]
[Result "1/2-1/2"]
[WhiteElo "2475"]
[BlackElo "2435"]
[EventDate "2001.08.16"]
[PlyCount "93"]

1.d4 f5 2.Nc3 d5 3.Bf4 Nf6 4.e3 e6 5.Nf3 Bd6 6.Ne5 O-O 7.Be2 Nbd7 8.Nb5 
Qe7 9.c4 a6 10.Nc3 c6 11.O-O Ne4 12.Nxd7 Bxd7 13.Bxd6 Qxd6 14.f3 Nxc3 15.
bxc3 Rae8 16.c5 Qe7 17.f4 Rd8 18.Rb1 Be8 19.Bd3 Rd7 20.Rb2 Rf6 21.Qf3 Bg6 
22.Rfb1 Rf7 23.h3 Rc7 24.Kh2 Rf6 25.Qf2 Rd7 26.Qh4 Rf7 27.Qxe7 Rfxe7 28.g4
Rf7 29.Kg3 Rfe7 30.Kf2 Kf7 31.Rg1 Rc7 32.Kg3 Kf8 33.Rb6 Be8 34.Kf2 Bd7 35.
c4 g6 36.gxf5 exf5 37.cxd5 cxd5 38.Rf6+ Rf7 39.Rd6 Bc6 40.h4 Rfd7 41.Rxd7 
Rxd7 42.h5 Kf7 43.Rh1 Kg7 44.Rg1 Kf6 45.hxg6 hxg6 46.Rh1 Kg7 47.Rg1 
1/2-1/2

[Event "40th World U20 ch"]
[Site "Peristeri GRE"]
[Date "2001.08.28"]
[Round "12.14"]
[White "Du Shan"]
[Black "Schenk, Andreas"]
[Result "1/2-1/2"]
[WhiteElo "2352"]
[BlackElo "2455"]
[EventDate "2001.08.16"]
[PlyCount "60"]

1.c4 e6 2.Nc3 c5 3.e4 Nc6 4.g3 g6 5.Bg2 Bg7 6.Nge2 Nge7 7.O-O b6 8.d3 Bb7 
9.Be3 d6 10.d4 O-O 11.f4 a6 12.Rc1 Ra7 13.b3 Ba8 14.d5 exd5 15.cxd5 Nb8 
16.f5 Nd7 17.Qd2 Kh8 18.g4 Be5 19.Bf4 f6 20.Bxe5 Nxe5 21.Nf4 Rf7 22.fxg6 
N7xg6 23.h3 Nxf4 24.Rxf4 Rg7 25.Rcf1 Raf7 26.Ne2 h5 27.gxh5 Bb7 28.R4f2 
Bc8 29.Nf4 Qe7 30.Kh1 Kh7 1/2-1/2

[Event "40th World U20 ch"]
[Site "Peristeri GRE"]
[Date "2001.08.28"]
[Round "12.16"]
[White "Potkin, Vladimir"]
[Black "Kristjansson, Stefan"]
[Result "1/2-1/2"]
[WhiteElo "2530"]
[BlackElo "2380"]
[EventDate "2001.08.16"]
[PlyCount "62"]

1.e4 e6 2.d4 d5 3.Nd2 c5 4.exd5 Qxd5 5.Ngf3 cxd4 6.Bc4 Qd6 7.O-O Nf6 8.Nb3
Nc6 9.Nbxd4 Nxd4 10.Nxd4 a6 11.Bb3 Qc7 12.Qf3 Bd6 13.Kh1 O-O 14.Bg5 Nd7 
15.c3 Ne5 16.Qh5 Ng6 17.Bc2 Bf4 18.Bxf4 Qxf4 19.Rad1 e5 20.Ne2 Qc4 21.f4 
exf4 22.Nxf4 Be6 23.Nxe6 fxe6 24.Kg1 Qxa2 25.Bxg6 hxg6 26.Qxg6 Rxf1+ 27.
Rxf1 Rf8 28.Rd1 Qxb2 29.Qxe6+ Kh8 30.Qh3+ Kg8 31.Qe6+ Kh8 1/2-1/2

[Event "40th World U20 ch"]
[Site "Peristeri GRE"]
[Date "2001.08.28"]
[Round "12.17"]
[White "Carlsson, Pontus"]
[Black "Vajda, Levente"]
[Result "0-1"]
[WhiteElo "2330"]
[BlackElo "2507"]
[EventDate "2001.08.16"]
[PlyCount "62"]

1.e4 d6 2.d4 Nf6 3.Nc3 g6 4.Bg5 Bg7 5.Qd2 h6 6.Bf4 c6 7.f3 Qc7 8.O-O-O 
Nbd7 9.Nge2 e5 10.Be3 b5 11.d5 b4 12.dxc6 Qxc6 13.Nd5 Nxd5 14.exd5 Qa4 15.
Kb1 Bb7 16.Ng3 f5 17.f4 Rc8 18.h4 O-O 19.h5 g5 20.fxg5 f4 21.gxh6 Bf6 22.
Qd3 Kh8 23.b3 Qa5 24.Qg6 e4 25.Qxe4 Rfe8 26.Qf5 Rxe3 27.Rd3 Rxd3 28.Qxd3 
Qa6 29.c3 Rxc3 30.Qe2 Rxb3+ 31.axb3 Qa1+ 0-1

[Event "40th World U20 ch"]
[Site "Peristeri GRE"]
[Date "2001.08.28"]
[Round "12.20"]
[White "Karttunen, Mika"]
[Black "Cernousek, Lukas"]
[Result "1/2-1/2"]
[WhiteElo "2466"]
[BlackElo "2262"]
[EventDate "2001.08.16"]
[PlyCount "166"]

1.d4 d5 2.Nf3 Nf6 3.e3 c5 4.b3 g6 5.Bb2 Bg7 6.Nbd2 Qa5 7.dxc5 Qxc5 8.Be2 
O-O 9.O-O Rd8 10.a3 Nc6 11.b4 Qb6 12.c4 dxc4 13.Qa4 a6 14.Bxc4 Qc7 15.Qb3 
e6 16.a4 b6 17.Rac1 Bb7 18.Bxe6 fxe6 19.b5 axb5 20.axb5 Na5 21.Rxc7 Nxb3 
22.Nxb3 Bxf3 23.gxf3 Ne8 24.Rc2 Ra2 25.Rb1 Rd3 26.Nd2 Rd5 27.Ne4 Rxb5 28.
Rc8 Kf7 29.Rxe8 Kxe8 30.Nd6+ Ke7 31.Nxb5 Rxb2 32.Na3 Rxb1+ 33.Nxb1 Kd6 34.
Kf1 Kc5 35.Ke2 Kb4 36.Kd3 b5 37.Nd2 Ka3 38.Kc2 b4 39.f4 Ka2 40.Nb3 Bc3 41.
Nc1+ Ka3 42.Nd3 Bf6 43.f3 Be7 44.e4 Bd6 45.h3 Ka2 46.Nc1+ Ka3 47.Nd3 Bc7 
48.Nc5 Bb6 49.Nb3 Be3 50.f5 gxf5 51.exf5 exf5 52.Na5 Ka4 53.Nb3 h6 54.Na1 
Kb5 55.Kd3 Bg5 56.Nb3 Bf6 57.Nd2 Kc5 58.Nb3+ Kd5 59.f4 Bb2 60.Kc2 Bd4 61.
Kd3 Bc5 62.Nd2 Bd6 63.Nb3 Bc5 64.Nd2 Bd4 65.Nb3 Bc3 66.Na5 Be1 67.Nb3 Bf2 
68.Nd2 Bb6 69.Nb3 Ba7 70.Nd2 Bb8 71.Nb3 Bxf4 72.Nd4 Bg5 73.Nxf5 Ke5 74.Ng7
Kf4 75.Kc4 Be7 76.Ne6+ Kg3 77.Ng7 Kf4 78.Ne6+ Kf5 79.Nd4+ Kg6 80.Nc6 Bf8 
81.Kd3 Kg5 82.Nxb4 Bxb4 83.Ke2 Kh4 1/2-1/2

[Event "40th World U20 ch"]
[Site "Peristeri GRE"]
[Date "2001.08.28"]
[Round "12.21"]
[White "Guidarelli, Laurent"]
[Black "Sedlak, Nikola"]
[Result "0-1"]
[WhiteElo "2323"]
[BlackElo "2457"]
[EventDate "2001.08.16"]
[PlyCount "50"]

1.e4 c5 2.Nf3 d6 3.d4 cxd4 4.Nxd4 Nf6 5.Nc3 a6 6.Bg5 e6 7.f4 Qc7 8.Qf3 b5 
9.Bd3 Bb7 10.O-O-O b4 11.Nce2 Nbd7 12.Rhe1 Be7 13.Qh3 Nc5 14.Ng3 h6 15.
Ngf5 exf5 16.e5 dxe5 17.Nxf5 Ne6 18.Nxg7+ Nxg7 19.Rxe5 Kf8 20.Rde1 Re8 21.
Bxh6 Ng8 22.Bxg7+ Kxg7 23.Qe3 Kf8 24.g4 Rxh2 25.g5 Rc8 0-1

[Event "40th World U20 ch"]
[Site "Peristeri GRE"]
[Date "2001.08.28"]
[Round "12.22"]
[White "Flores, Diego"]
[Black "Papp, Gabor"]
[Result "0-1"]
[WhiteElo "2425"]
[BlackElo "2291"]
[EventDate "2001.08.16"]
[PlyCount "54"]

1.e4 e5 2.Nf3 Nc6 3.Bb5 a6 4.Ba4 Nf6 5.O-O Nxe4 6.d4 b5 7.Bb3 d5 8.dxe5 
Be6 9.c3 Bc5 10.Nbd2 O-O 11.Bc2 Nxf2 12.Rxf2 f6 13.exf6 Bxf2+ 14.Kxf2 Qxf6
15.Nf1 Ne5 16.Be3 Rae8 17.Bc5 Nxf3 18.gxf3 Rf7 19.Kg2 Qg5+ 20.Kh1 d4 21.
Bxd4 Bd5 22.Bb3 c5 23.Bxd5 Qxd5 24.Bg1 Qc6 25.Kg2 Ref8 26.Ne3 Rd7 27.Qe2 
Rd2 0-1

[Event "40th World U20 ch"]
[Site "Peristeri GRE"]
[Date "2001.08.28"]
[Round "12.25"]
[White "Mihailidis, Anastasios"]
[Black "Tomczak, Rafal"]
[Result "0-1"]
[WhiteElo "2146"]
[BlackElo "2358"]
[EventDate "2001.08.16"]
[PlyCount "117"]

1.e4 c5 2.Nf3 d6 3.d4 cxd4 4.Qxd4 Nc6 5.Bb5 Bd7 6.Bxc6 Bxc6 7.Nc3 e6 8.Bg5
Nf6 9.O-O-O Be7 10.Qd3 O-O 11.Nd4 a6 12.h4 Rc8 13.f4 Qc7 14.f5 e5 15.Bxf6 
gxf6 16.Nf3 Kh8 17.h5 Rg8 18.Nh4 Rg5 19.Rh3 Bf8 20.Kb1 b5 21.Rd2 Qb7 22.
Nf3 Rg4 23.Rh4 Rxh4 24.Nxh4 b4 25.Nd5 Bxd5 26.exd5 Bh6 27.Rd1 Rg8 28.Qc4 
Rc8 29.Qd3 Rg8 30.Qc4 Bf4 31.Qe2 Qb5 32.Qxb5 axb5 33.Rh1 e4 34.Ng6+ fxg6 
35.hxg6 h6 36.Rh4 Bd2 37.Rxe4 Rd8 38.Re6 Kg7 39.Re7+ Kg8 40.Re6 h5 41.Rxf6
Rf8 42.Rxd6 Rxf5 43.a3 bxa3 44.bxa3 Kg7 45.Kb2 Bf4 46.Rd7+ Kxg6 47.Kc3 Rg5
48.Rd8 Kf7 49.d6 Ke6 50.d7 Bc7 51.Re8+ Kxd7 52.Re2 Bd6 53.Kb3 Kc6 54.c3 
Rg4 55.Rc2 Ra4 56.c4 Rxa3+ 57.Kb2 b4 58.Rf2 Be5+ 59.Kb1 0-1

[Event "40th World U20 ch"]
[Site "Peristeri GRE"]
[Date "2001.08.28"]
[Round "12.26"]
[White "Venkatesh, Marani Rajendran"]
[Black "Zenklusen, Rico"]
[Result "1-0"]
[WhiteElo "2356"]
[BlackElo "2220"]
[EventDate "2001.08.16"]
[PlyCount "63"]

1.e4 c6 2.d4 d5 3.Nc3 dxe4 4.Nxe4 Nd7 5.Nf3 Ngf6 6.Ng3 c5 7.c3 cxd4 8.Nxd4
g6 9.Bc4 Nb6 10.Bb3 Bg7 11.O-O O-O 12.Qe2 a6 13.Re1 e5 14.Nf3 Bg4 15.h3 
Bxf3 16.Qxf3 Qc7 17.Bg5 Nbd7 18.Rad1 h6 19.Bc1 Nc5 20.Bxh6 Bxh6 21.Qxf6 
Bg7 22.Qh4 Qb6 23.Bc4 Qxb2 24.Rd6 Qxc3 25.Re3 Qc2 26.Ne4 Nxe4 27.Rxe4 g5 
28.Qg4 Rad8 29.Bxf7+ Rxf7 30.Rxd8+ Rf8 31.Rxf8+ Kxf8 32.Rc4 1-0

[Event "40th World U20 ch"]
[Site "Peristeri GRE"]
[Date "2001.08.28"]
[Round "12.28"]
[White "Campuano, Fausto"]
[Black "Berkvens, Joost"]
[Result "0-1"]
[WhiteElo "2191"]
[BlackElo "2444"]
[EventDate "2001.08.16"]
[PlyCount "46"]

1.e4 c5 2.Nc3 Nc6 3.g3 g6 4.Bg2 Bg7 5.d3 d6 6.f4 Nf6 7.Nf3 O-O 8.O-O Rb8 
9.h3 b5 10.g4 b4 11.Ne2 a5 12.Qe1 Ba6 13.e5 dxe5 14.fxe5 Nd5 15.e6 fxe6 
16.Nf4 Nxf4 17.Bxf4 Rxf4 18.Qxe6+ Kh8 19.Ne5 Nd4 20.Qxa6 Ne2+ 21.Kh2 Bxe5 
22.Rxf4 Bxf4+ 23.Kh1 Bg5 0-1

[Event "40th World U20 ch"]
[Site "Peristeri GRE"]
[Date "2001.08.29"]
[Round "13.6"]
[White "Bakre, Tejas"]
[Black "Shaposhnikov, Evgeny"]
[Result "0-1"]
[WhiteElo "2463"]
[BlackElo "2519"]
[EventDate "2001.08.16"]
[PlyCount "150"]

1.e4 c6 2.d4 d5 3.e5 c5 4.c3 Nc6 5.Nf3 Bg4 6.Be2 e6 7.Be3 Nge7 8.dxc5 Nf5 
9.Bd4 Bxf3 10.Bxf3 Nfxd4 11.cxd4 Qa5+ 12.Nc3 Qb4 13.O-O Qxd4 14.Qxd4 Nxd4 
15.Na4 g5 16.Bh5 Bh6 17.Rad1 Nc6 18.h4 Rg8 19.g4 Nxe5 20.hxg5 Nxg4 21.Bxg4
Rxg5 22.f3 f5 23.Rd4 fxg4 24.fxg4 O-O-O 25.Kg2 e5 26.Rb4 Rdg8 27.Kh3 Rf8 
28.Rxf8+ Bxf8 29.Nc3 e4 30.Rd4 Bxc5 31.Rxd5 Rxd5 32.Nxd5 Bd4 33.b3 Kd7 34.
Nf4 Kd6 35.Ne2 Ke5 36.Kg3 Be3 37.Kg2 Kd5 38.Kf1 a6 39.Ke1 h6 40.Kf1 Ke5 
41.Ke1 Kd6 42.Kf1 Ke6 43.Kg2 Bc5 44.Kg3 Bd6+ 45.Kf2 Be7 46.Kg2 Kf6 47.Nc3 
Ke5 48.Ne2 Bd8 49.Kf2 Bg5 50.Kg2 Kd5 51.Kf2 Ke5 52.Ke1 e3 53.Nc1 Kd4 54.
Ke2 Ke4 55.Nd3 Be7 56.Ne1 b5 57.Nd3 a5 58.Ne1 Ba3 59.Nf3 Bc5 60.g5 h5 61.
g6 Bf8 62.Ng5+ Kf5 63.Nf3 Kxg6 64.Kxe3 Kf5 65.Nd4+ Kg4 66.Ne6 Bd6 67.Kf2 
b4 68.Nd8 Kf4 69.Nb7 Bc7 70.Kg2 Ke3 71.Nc5 Kd2 72.Ne6 Bb6 73.Nf8 Kc2 74.
Nd7 Bd4 75.Kf3 h4 0-1

[Event "40th World U20 ch"]
[Site "Peristeri GRE"]
[Date "2001.08.29"]
[Round "13.8"]
[White "Vajda, Levente"]
[Black "Berg, Emanuel"]
[Result "1-0"]
[WhiteElo "2507"]
[BlackElo "2496"]
[EventDate "2001.08.16"]
[PlyCount "79"]

1.e4 e6 2.d4 d5 3.Nd2 Nf6 4.e5 Nfd7 5.Bd3 c5 6.c3 Nc6 7.Ne2 cxd4 8.cxd4 f6
9.exf6 Qxf6 10.Nf3 h6 11.O-O Bd6 12.Ng3 g5 13.Bb5 g4 14.Ne5 Ndxe5 15.dxe5 
Bxe5 16.Qxg4 h5 17.Qa4 Bd7 18.h4 Qg6 19.Bg5 O-O 20.Qd1 Be8 21.Bd3 Qg7 22.
Nxh5 Bxh5 23.Qxh5 Bf4 24.Rae1 Bxg5 25.hxg5 e5 26.Re3 Rf4 27.Bc2 Nd4 28.Bg6
Rd8 29.g3 Rff8 30.f4 Rd6 31.f5 Rxg6 32.fxg6 Rxf1+ 33.Kxf1 e4 34.Rc3 Nc6 
35.Rc5 d4 36.Rf5 Nd8 37.Rf4 e3 38.Qh7+ Qxh7 39.gxh7+ Kxh7 40.Rxd4 1-0

[Event "40th World U20 ch"]
[Site "Peristeri GRE"]
[Date "2001.08.29"]
[Round "13.9"]
[White "Stryjecki, Marek"]
[Black "Postny, Evgeny"]
[Result "1/2-1/2"]
[WhiteElo "2441"]
[BlackElo "2486"]
[EventDate "2001.08.16"]
[PlyCount "34"]

1.e4 e5 2.Nf3 Nc6 3.Bb5 a6 4.Ba4 Nf6 5.O-O Be7 6.Re1 b5 7.Bb3 d6 8.c3 O-O 
9.h3 Na5 10.Bc2 c5 11.d4 Qc7 12.Nbd2 cxd4 13.cxd4 Bd7 14.Nf1 Rfc8 15.Re2 
Nc6 16.Ng3 Bd8 17.Be3 a5 1/2-1/2

[Event "40th World U20 ch"]
[Site "Peristeri GRE"]
[Date "2001.08.29"]
[Round "13.16"]
[White "Tomczak, Rafal"]
[Black "Potkin, Vladimir"]
[Result "1/2-1/2"]
[WhiteElo "2358"]
[BlackElo "2530"]
[EventDate "2001.08.16"]
[PlyCount "40"]

1.e4 e6 2.d4 d5 3.Nc3 Bb4 4.exd5 exd5 5.Bd3 Nc6 6.a3 Bxc3+ 7.bxc3 Qf6 8.
Ne2 Bf5 9.O-O O-O-O 10.Ng3 Bxd3 11.cxd3 h5 12.Re1 Nge7 13.Ra2 Qg6 14.Qf3 
h4 15.Nf1 Qf5 16.Qxf5+ Nxf5 17.Ne3 Nxe3 18.fxe3 f6 19.Kf2 b5 20.Kf3 Kd7 
1/2-1/2

[Event "40th World U20 ch"]
[Site "Peristeri GRE"]
[Date "2001.08.29"]
[Round "13.32"]
[White "Sandhofner, Florian"]
[Black "Mihailidis, Anastasios"]
[Result "1-0"]
[WhiteElo "2239"]
[BlackElo "2146"]
[EventDate "2001.08.16"]
[PlyCount "55"]

1.e4 e5 2.Nf3 Nc6 3.Bb5 f5 4.Nc3 Nd4 5.exf5 Nf6 6.O-O Nxb5 7.Nxb5 d6 8.d4 
e4 9.Re1 Be7 10.Ng5 Bxf5 11.d5 h6 12.Nd4 Bg4 13.f3 hxg5 14.fxg4 Qd7 15.Ne6
c6 16.c4 cxd5 17.cxd5 Rc8 18.Bxg5 Qb5 19.Nxg7+ Kf7 20.Nf5 Qb6+ 21.Be3 Qxb2
22.Bd4 Qa3 23.Nxe7 Kxe7 24.g5 Nh5 25.Rxe4+ Kd7 26.Bxh8 Rxh8 27.Qa4+ Qxa4 
28.Rxa4 1-0

[Event "40th World U20 ch"]
[Site "Peristeri GRE"]
[Date "2001.08.29"]
[Round "13.37"]
[White "Sanchez, Louis"]
[Black "Deseatnicov, Ivan"]
[Result "1-0"]
[WhiteElo "2148"]
[BlackElo "2309"]
[EventDate "2001.08.16"]
[PlyCount "47"]

1.e4 e5 2.f4 exf4 3.Nf3 d5 4.exd5 Nf6 5.Bc4 Nxd5 6.Bxd5 Qxd5 7.Nc3 Qd8 8.
d4 Bd6 9.Qe2+ Qe7 10.Qxe7+ Bxe7 11.Bxf4 c6 12.O-O O-O 13.Ne4 Bf5 14.Rae1 
Nd7 15.Bd6 Bxd6 16.Nxd6 Bxc2 17.Re7 Nf6 18.Ne5 Bg6 19.Nxb7 Nd5 20.Rd7 f6 
21.Nxc6 Rf7 22.Rxf7 Kxf7 23.Re1 Rc8 24.Nd6+ 1-0

[Event "40th World U20 ch"]
[Site "Peristeri GRE"]
[Date "2001.08.29"]
[Round "13.42"]
[White "Ribeiro, Luis Landeiro"]
[Black "Gengler, Pierre"]
[Result "1-0"]
[WhiteElo "2035"]
[BlackElo "2023"]
[EventDate "2001.08.16"]
[PlyCount "51"]

1.e4 c5 2.Nc3 g6 3.f4 Bg7 4.Nf3 Nc6 5.Bc4 e6 6.O-O Nge7 7.a3 O-O 8.d3 a6 
9.Qe1 Rb8 10.Qh4 Nd4 11.Nxd4 Bxd4+ 12.Kh1 Nc6 13.Qg3 b5 14.Bb3 Qf6 15.e5 
Bxe5 16.Ne4 Qf5 17.Qh4 h5 18.h3 Bc7 19.g4 Bd8 20.Qg3 hxg4 21.hxg4 Qxe4+ 
22.dxe4 c4 23.Ba2 Bb7 24.c3 Kg7 25.Be3 Rh8+ 26.Kg1 1-0